000 00673nam a2200217 a 4500
005 20240830063850.0
008 160210s2013 ag r 000 0 spa d
020 _a9789870605546
035 _aUPN01000208093
049 _aCG
050 4 _aLA547
_bE8.2
245 0 3 _aLa escuela secundaria :
_b¿modelo en (re)construcción? /
_cMónica Pini ... [et al.].
260 _aBuenos Aires :
_bAique,
_c2013.
300 _a252 p. :
_bgráfs.
440 0 _aPolítica y educación.
_pAique educación
650 4 _aEducación secundaria
_zArgentina
_912043
650 7 _aEducación secundaria
_2
_94281
700 1 _aPini, Mónica,
_ecoaut.
905 _aLibro
999 _c180194
_d180194